[Event "14th Ugra Governor's Cup"]
[Site "Khanty-Mansiysk RUS"]
[Date "2018.11.23"]
[Round "7.7"]
[White "Bocharov, Dmitry"]
[Black "Svetlov, Dmitry"]
[Result "1-0"]
[WhiteTitle "GM"]
[BlackTitle "IM"]
[WhiteElo "2557"]
[BlackElo "2384"]
[WhiteFideId "4138716"]
[BlackFideId "24102610"]
[EventDate "2018.11.17"]

1. e4 c6 2. d4 d5 3. e5 Bf5 4. Nf3 e6 5. Be2 Ne7 6. O-O Nd7 7. Nbd2 h6 8. Nb3
Bh7 9. a4 Ng6 10. a5 Be7 11. g3 c5 12. Nxc5 Bxc5 13. dxc5 O-O 14. b4 Ngxe5 15.
Nxe5 Nxe5 16. a6 b6 17. Be3 Nd7 18. cxb6 Nxb6 19. Bc5 Re8 20. Bb5 Nd7 21. Be3
Qc7 22. c4 Reb8 23. Rc1 Qd6 24. Re1 Rxb5 25. cxb5 Qxb4 26. Bd4 Qxb5 27. Rc7 Bf5
28. Rb7 Qc6 29. Qa1 e5 30. Bxe5 d4 31. Bxd4 Bh3 32. f3 Qxf3 33. Qa2 Be6 34. Rxe6
Qd1+ 35. Kg2 Qxd4 36. Re7 Ne5 37. Qe2 Qd5+ 38. Kg1 Nf3+ 39. Kf2 Ng5 40. h4 Qf5+
41. Kg1 Nf3+ 42. Kg2 Nd4 43. Qe4 Rd8 44. Qxf5 Nxf5 45. Rxf7 Rd2+ 46. Kh3 g6 47.
Rfd7 1-0

[Event "14th Ugra Governor's Cup"]
[Site "Khanty-Mansiysk RUS"]
[Date "2018.11.23"]
[Round "7.8"]
[White "Shoboev, Dandar"]
[Black "Iljiushenok, Ilia"]
[Result "0-1"]
[BlackTitle "GM"]
[WhiteElo "2226"]
[BlackElo "2539"]
[WhiteFideId "44197012"]
[BlackFideId "24105074"]
[EventDate "2018.11.17"]

1. d4 Nf6 2. Nf3 g6 3. Bf4 Bg7 4. e3 d6 5. Be2 O-O 6. O-O c5 7. c3 Nh5 8. Bg5 h6
9. Bh4 g5 10. Nfd2 cxd4 11. Bxh5 dxc3 12. Nxc3 gxh4 13. Qa4 h3 14. g3 Nc6 15.
Rac1 Be6 16. Bg4 Qd7 17. Bxe6 Qxe6 18. Qb5 Rfc8 19. b3 a6 20. Qd5 Nb4 21. Qxe6
fxe6 22. Ndb1 Rc6 23. Ne2 Nxa2 24. Rxc6 bxc6 25. Nf4 Kf7 26. Nxh3 Rb8 27. Nd2
Bc3 28. Rd1 c5 29. Nf4 Bxd2 30. Rxd2 Nc1 0-1

[Event "14th Ugra Governor's Cup"]
[Site "Khanty-Mansiysk RUS"]
[Date "2018.11.23"]
[Round "7.9"]
[White "Drygalov, Andrey"]
[Black "Kabanov, Nikolai"]
[Result "1/2-1/2"]
[WhiteTitle "IM"]
[BlackTitle "GM"]
[WhiteElo "2497"]
[BlackElo "2481"]
[WhiteFideId "24171735"]
[BlackFideId "4127820"]
[EventDate "2018.11.17"]

1. d4 d6 2. Nf3 Nf6 3. c4 Nbd7 4. Nc3 e5 5. e4 Be7 6. Be2 O-O 7. O-O c6 8. Qc2
Qe8 9. Rd1 Bd8 10. dxe5 dxe5 11. Rb1 Nh5 12. b4 Nf4 13. Bf1 Nf6 14. Bxf4 exf4
15. e5 Ng4 16. Re1 Bc7 17. Qe4 f6 18. exf6 Nxf6 19. Qxe8 Rxe8 20. Rxe8+ Nxe8 21.
Re1 Nf6 22. c5 Kf8 23. Bc4 Bg4 24. Ng5 Re8 25. Rxe8+ Kxe8 26. f3 Be5 27. Ne2 Bf5
28. Ne6 Bxe6 29. Bxe6 Ke7 30. Bc4 g5 31. h3 Bb2 32. h4 h6 33. hxg5 hxg5 34. b5
Nd7 35. bxc6 bxc6 36. Kf1 Nxc5 37. g3 fxg3 38. Nxg3 Kf6 39. Ke2 Ke5 40. Bf7 Ne6
41. Kd3 Nc7 42. Ne2 Nd5 43. Kc4 Kd6 44. Ng3 Bc1 45. Be8 Nf6 46. Bg6 Nd7 47. Be4
Nb6+ 48. Kc3 c5 49. Bb7 Ke5 50. Ne2 Be3 51. Ba6 Nd5+ 52. Kb3 Nb4 53. Bb7 Nd5 54.
Ba6 Nb6 55. Kc3 Bf2 56. Kb3 Be1 57. Bb5 Kd5 58. Kc2 c4 59. Be8 Kc5 60. a3 Nd5
61. Bf7 Nc7 62. Kd1 Bh4 63. Kc2 Nb5 64. a4 Nd6 65. Be6 Kb4 66. Bd7 Nb7 67. Nc3
Nc5 68. Nd5+ Ka5 69. Bb5 Nd3 70. Kc3 Ne1 71. Ne3 Kb6 72. Nxc4+ Kc7 1/2-1/2

[Event "14th Ugra Governor's Cup"]
[Site "Khanty-Mansiysk RUS"]
[Date "2018.11.23"]
[Round "7.10"]
[White "Savitskiy, Sergey"]
[Black "Anikonov, Dmitry"]
[Result "1/2-1/2"]
[WhiteTitle "IM"]
[BlackTitle "FM"]
[WhiteElo "2413"]
[BlackElo "2382"]
[WhiteFideId "24105660"]
[BlackFideId "24178012"]
[EventDate "2018.11.17"]

1. Nf3 Nf6 2. g3 d5 3. Bg2 Bg4 4. c4 c6 5. Qb3 Qc8 6. Nc3 e6 7. d4 Nbd7 8. Bf4
Bxf3 9. Bxf3 Nb6 10. cxd5 exd5 11. O-O Be7 12. Bg2 O-O 13. a4 Qd7 14. a5 Nc8 15.
Rfd1 Nd6 16. f3 Nc4 17. e4 b6 18. a6 Rad8 19. Bc1 Na5 20. Qc2 dxe4 21. fxe4 Qe6
22. Ra4 Rfe8 23. e5 Nd5 24. Ne4 c5 25. dxc5 Qxe5 26. Rad4 Nb4 27. Rxd8 Rxd8 28.
Rxd8+ Bxd8 29. Qd2 Nac6 30. b3 bxc5 31. Bb2 Qe7 32. Nd6 Nd4 33. Nc8 Qd7 34. Bxd4
Qxc8 35. Bc3 Bb6 36. Qg5 Qf8 37. Kf1 Nxa6 38. Bd5 Nc7 39. Bxg7 Qxg7 40. Qd8+ Qf8
41. Qg5+ 1/2-1/2

[Event "14th Ugra Governor's Cup"]
[Site "Khanty-Mansiysk RUS"]
[Date "2018.11.24"]
[Round "8.2"]
[White "Timofeev, Artyom"]
[Black "Predke, Alexandr"]
[Result "1/2-1/2"]
[WhiteTitle "GM"]
[BlackTitle "GM"]
[WhiteElo "2580"]
[BlackElo "2604"]
[WhiteFideId "4140419"]
[BlackFideId "24107581"]
[EventDate "2018.11.17"]

1. d4 Nf6 2. c4 e6 3. Nc3 Bb4 4. e3 O-O 5. Nf3 d5 6. Bd3 c5 7. O-O cxd4 8. exd4
dxc4 9. Bxc4 b6 10. Bg5 Bb7 11. Ne5 Nbd7 12. Nxd7 Qxd7 13. Bxf6 gxf6 14. d5 Bxc3
15. bxc3 Bxd5 16. Qg4+ Kh8 17. Qh4 Bxc4 18. Qxf6+ Kg8 19. Qg5+ Kh8 20. Qf6+ Kg8
21. Qg5+ Kh8 1/2-1/2

[Event "14th Ugra Governor's Cup"]
[Site "Khanty-Mansiysk RUS"]
[Date "2018.11.24"]
[Round "8.3"]
[White "Iljiushenok, Ilia"]
[Black "Rozum, Ivan"]
[Result "0-1"]
[WhiteTitle "GM"]
[BlackTitle "GM"]
[WhiteElo "2539"]
[BlackElo "2573"]
[WhiteFideId "24105074"]
[BlackFideId "24104272"]
[EventDate "2018.11.17"]

1. Nf3 Nf6 2. g3 b6 3. Bg2 Bb7 4. O-O e6 5. d4 Be7 6. c4 O-O 7. Re1 Na6 8. h4
Qc8 9. Nc3 Bb4 10. Qc2 c5 11. d5 exd5 12. cxd5 Bxc3 13. bxc3 Nxd5 14. e4 Ndc7
15. h5 Ne6 16. h6 g6 17. c4 f6 18. Bb2 Rf7 19. Rad1 Qf8 20. Qd2 Nb4 21. Re2 Nc6
22. Qe3 d6 23. Bh3 Re8 24. Red2 Ne5 25. Rxd6 Nxc4 26. Bxe6 Nxe3 27. Bxf7+ Qxf7
28. fxe3 Qxa2 29. Rd7 Bxe4 30. Rg7+ Kf8 31. Ng5 fxg5 0-1

[Event "14th Ugra Governor's Cup"]
[Site "Khanty-Mansiysk RUS"]
[Date "2018.11.24"]
[Round "8.4"]
[White "Belyakov, Bogdan"]
[Black "Sarana, Alexey"]
[Result "0-1"]
[WhiteTitle "IM"]
[BlackTitle "GM"]
[WhiteElo "2458"]
[BlackElo "2631"]
[WhiteFideId "24104795"]
[BlackFideId "24133795"]
[EventDate "2018.11.17"]

1. e4 c5 2. c3 Nf6 3. e5 Nd5 4. d4 cxd4 5. cxd4 d6 6. Bc4 Nb6 7. Bb5+ Bd7 8. e6
fxe6 9. Bd3 g6 10. h4 Bg7 11. h5 Bc6 12. hxg6 hxg6 13. Rxh8+ Bxh8 14. Qg4 Kd7
15. Nc3 Na6 16. a3 Nd5 17. Nge2 Qa5 18. Bc4 Nac7 19. b4 Nxb4 20. axb4 Qxa1 21.
b5 Bxg2 22. Qxg2 d5 23. Nxd5 exd5 24. Bxd5 Rf8 25. Qh3+ e6 26. Bxb7 Qa5+ 27. Kf1
Qxb5 28. Qh7+ Kd8 29. Qh6 Qf5 30. Qh2 e5 31. d5 Bf6 32. Qg3 Rh8 33. Qa3 Qh3+ 34.
Qxh3 Rxh3 35. Be3 Nb5 36. Ng3 Kc7 37. Ba6 Nd4 38. Ne4 Be7 39. Kg2 Rh4 40. f3 Rh8
41. f4 Nf5 42. Bd2 Kb6 43. Bc4 Rc8 44. Bb3 exf4 45. Bxf4 Rd8 46. Ba2 a5 47. Kf3
Bb4 48. Nf6 a4 49. Ke4 a3 50. Kd3 Bd6 51. Bd2 Rh8 52. Ne4 Rh3+ 53. Kc4 Bf8 54.
Nf6 Nd6+ 55. Kd4 Bg7 56. Ke5 Ne8 57. Kd4 0-1

[Event "14th Ugra Governor's Cup"]
[Site "Khanty-Mansiysk RUS"]
[Date "2018.11.24"]
[Round "8.5"]
[White "Lugovskoy, Maxim"]
[Black "Rakhmanov, Aleksandr"]
[Result "1/2-1/2"]
[WhiteTitle "GM"]
[BlackTitle "GM"]
[WhiteElo "2428"]
[BlackElo "2634"]
[WhiteFideId "24126454"]
[BlackFideId "4173708"]
[EventDate "2018.11.17"]

1. e4 e5 2. Nf3 Nf6 3. Nc3 Nc6 4. d4 exd4 5. Nxd4 Bb4 6. Nxc6 bxc6 7. Bd3 d5 8.
exd5 O-O 9. O-O Bg4 10. Be2 Bxe2 11. Nxe2 cxd5 12. Bg5 Re8 13. Ng3 Re5 14. Bf4
Re6 15. Bg5 h6 16. Bxf6 Rxf6 17. Qd3 c6 18. c4 Rb8 19. cxd5 Qxd5 20. Qc2 Rf4 21.
b3 Re8 22. Rad1 Qe6 23. h3 c5 24. Qc1 Rd4 25. Rxd4 cxd4 26. Rd1 Bc3 27. Qf4 Qa6
28. Qg4 g6 29. Qd7 Re6 30. f4 Re3 31. Nf1 Re2 32. Ng3 Qxa2 33. Nxe2 Qxe2 34. Rf1
Bd2 35. Ra1 Bxf4 36. Qg4 Be3+ 37. Kh1 Qb2 38. Rf1 Qxb3 39. Qe4 Qb5 40. Rb1 Qc5
41. Rf1 Qc7 42. Qd5 Kg7 43. Rb1 h5 44. Rf1 h4 45. Qe4 Qg3 46. Rxf7+ Kxf7 47.
Qe7+ Kxe7 1/2-1/2

[Event "14th Ugra Governor's Cup"]
[Site "Khanty-Mansiysk RUS"]
[Date "2018.11.24"]
[Round "8.6"]
[White "Ponkratov, Pavel"]
[Black "Bocharov, Dmitry"]
[Result "1-0"]
[WhiteTitle "GM"]
[BlackTitle "GM"]
[WhiteElo "2628"]
[BlackElo "2557"]
[WhiteFideId "4157800"]
[BlackFideId "4138716"]
[EventDate "2018.11.17"]

1. e4 c6 2. d4 d5 3. e5 Bf5 4. Nf3 e6 5. Be2 Nd7 6. O-O h6 7. b3 Bb4 8. c3 Ba5
9. Bd3 Bxd3 10. Qxd3 Ne7 11. Ba3 O-O 12. Nbd2 Bc7 13. Nh4 g5 14. Nhf3 f5 15. h4
g4 16. Ne1 f4 17. g3 c5 18. f3 cxd4 19. cxd4 Bb6 20. Kg2 fxg3 21. fxg4 Rf2+ 22.
Rxf2 gxf2 23. Nef3 Kg7 24. h5 Kh8 25. Rf1 Qg8 26. Bxe7 1-0

[Event "14th Ugra Governor's Cup"]
[Site "Khanty-Mansiysk RUS"]
[Date "2018.11.24"]
[Round "8.7"]
[White "Potapov, Pavel"]
[Black "Pridorozhni, Aleksei"]
[Result "1-0"]
[WhiteTitle "GM"]
[BlackTitle "GM"]
[WhiteElo "2515"]
[BlackElo "2574"]
[WhiteFideId "4169786"]
[BlackFideId "4127870"]
[EventDate "2018.11.17"]

1. e4 e5 2. Nf3 Nc6 3. Bb5 a6 4. Ba4 d6 5. O-O Bd7 6. c3 g5 7. d4 g4 8. Ne1 h5
9. Be3 Bg7 10. f4 exd4 11. cxd4 d5 12. e5 Bh6 13. Bxc6 Bxc6 14. Qd2 f5 15. Nc3
Ne7 16. Nd3 b6 17. b4 Bb5 18. a4 Bc4 19. Rfc1 Bf8 20. Nb2 b5 21. axb5 axb5 22.
Nxc4 bxc4 23. Rxa8 Qxa8 24. Qb2 Rh6 25. b5 Rb6 26. Ra1 Qd8 27. Na4 Rb8 28. Nc5
c6 29. Qf2 Ng6 30. Qc2 Qc8 31. e6 Ne7 32. bxc6 Qxc6 33. h3 Bg7 34. hxg4 hxg4 35.
Ra7 Qb6 36. Qa4+ 1-0

[Event "14th Ugra Governor's Cup"]
[Site "Khanty-Mansiysk RUS"]
[Date "2018.11.24"]
[Round "8.8"]
[White "Kabanov, Nikolai"]
[Black "Mochalin, Faddey"]
[Result "1-0"]
[WhiteTitle "GM"]
[WhiteElo "2481"]
[BlackElo "2064"]
[WhiteFideId "4127820"]
[BlackFideId "34147290"]
[EventDate "2018.11.17"]

1. e4 e6 2. d4 d5 3. e5 c5 4. c3 Qb6 5. Nf3 Nc6 6. a3 Bd7 7. b4 cxd4 8. cxd4 Rc8
9. Be3 Nh6 10. Bd3 Ng4 11. O-O Be7 12. Qe1 Nxe3 13. fxe3 O-O 14. Nc3 Nb8 15. b5
f5 16. Ne2 Be8 17. Nf4 Bf7 18. h3 Qc7 19. g4 fxg4 20. hxg4 Qc3 21. Qb1 g6 22.
Ra2 Kg7 23. Rh2 Rh8 24. Rhf2 Rhf8 25. Rh2 Rh8 26. Qa2 Nd7 27. g5 Qxa3 28. Qxa3
Bxa3 29. Ra2 Be7 30. Rxa7 Rc7 31. Kf2 Nb6 32. Rb1 Rb8 33. Kg3 Rc3 34. Kf2 Nc8
35. Ra2 Nb6 36. Rba1 Rcc8 37. Bf1 Nd7 38. Rb1 Nf8 39. Bd3 Rc3 40. Rc2 Rxc2+ 41.
Bxc2 Be8 42. e4 dxe4 43. Bxe4 h6 44. gxh6+ Kxh6 45. Rh1+ Kg7 46. Rc1 Bd8 47. Bd3
Bd7 48. Ke3 Rc8 49. Rg1 Be8 50. Nd2 Be7 51. Ne4 Rc7 52. Nh5+ Kh6 53. Nhf6 Bf7
54. Nd6 Bxd6 55. exd6 Rc8 56. Kf4 g5+ 57. Ke5 Rc3 58. Be4 Rc8 59. d7 Rd8 60. Kd6 1-0

[Event "14th Ugra Governor's Cup"]
[Site "Khanty-Mansiysk RUS"]
[Date "2018.11.24"]
[Round "8.9"]
[White "Oganian, Miran"]
[Black "Drygalov, Andrey"]
[Result "1/2-1/2"]
[WhiteTitle "IM"]
[BlackTitle "IM"]
[WhiteElo "2435"]
[BlackElo "2497"]
[WhiteFideId "4122488"]
[BlackFideId "24171735"]
[EventDate "2018.11.17"]

1. d4 Nf6 2. c4 g6 3. Nc3 d5 4. cxd5 Nxd5 5. e4 Nxc3 6. bxc3 Bg7 7. Be3 c5 8.
Qd2 Qa5 9. Rc1 O-O 10. Nf3 Nd7 11. d5 e6 12. c4 Qxd2+ 13. Kxd2 b6 14. Bd3 Bb7
15. Rhe1 Rfe8 16. a4 Nb8 17. Bf4 Na6 18. e5 Nb4 19. d6 Bxf3 20. gxf3 f6 21. exf6
Bxf6 22. Be4 Rad8 23. Rcd1 Bd4 24. Ke2 e5 25. Bd2 Rxd6 26. h4 Red8 27. Rf1 R8d7
28. Bb1 Nc6 29. Be4 Bb2 30. Bd5+ Kh8 31. Rb1 Bd4 32. Rbd1 Nb4 33. Be4 Na2 34. h5
gxh5 35. Bd5 Rg6 36. Rh1 Rg2 37. Be1 Re7 38. Kf1 Rg6 39. Be4 Rd6 40. Rxh5 h6 41.
Ke2 Ree6 42. Bd2 Nc3+ 43. Bxc3 Bxc3 44. Bd5 Rg6 45. Rdh1 Kg7 46. R1h4 Bd4 47.
Be4 Rg2 48. Rg4+ Rxg4 49. fxg4 Bc3 50. Bd5 a6 51. Kd3 Bd4 52. Ke4 Rf6 53. Rf5
Rxf5 54. Kxf5 Bxf2 55. Kxe5 Kg6 56. Kf4 Kf6 57. Bb7 a5 58. Bd5 1/2-1/2

[Event "14th Ugra Governor's Cup"]
[Site "Khanty-Mansiysk RUS"]
[Date "2018.11.24"]
[Round "8.10"]
[White "Svetlov, Dmitry"]
[Black "Savitskiy, Sergey"]
[Result "0-1"]
[WhiteTitle "IM"]
[BlackTitle "IM"]
[WhiteElo "2384"]
[BlackElo "2413"]
[WhiteFideId "24102610"]
[BlackFideId "24105660"]
[EventDate "2018.11.17"]

1. Nf3 c5 2. c4 Nc6 3. b3 Nf6 4. Bb2 d5 5. cxd5 Nxd5 6. d3 f6 7. e3 e5 8. Be2
Be7 9. O-O O-O 10. Nbd2 Nc7 11. a3 Be6 12. Qc2 Rc8 13. Rac1 Qd7 14. Rfd1 Rfd8
15. Ne4 Na6 16. Kh1 Qe8 17. Rb1 Qf7 18. Ba1 b5 19. Rg1 Na5 20. Ned2 Nb8 21. g4
c4 22. dxc4 bxc4 23. b4 c3 24. Bxc3 Nc4 25. Nxc4 Bxc4 26. Rbc1 Nd7 27. Bxc4 Qxc4
28. g5 fxg5 29. Qf5 g6 30. Qh3 g4 31. Qxg4 Qxg4 32. Rxg4 Nf6 33. Rgg1 Ne4 34.
Bxe5 Nxf2+ 35. Kg2 Nd3 36. Rxc8 Rxc8 37. Bd4 Rc2+ 38. Kh3 a6 39. Ne5 Nxe5 40.
Bxe5 Ra2 41. Ra1 Re2 42. Bd4 Bd6 43. Kg4 Bxh2 44. a4 Kf7 45. b5 axb5 46. a5 Rf2
47. a6 h5+ 48. Kg5 Bg3 49. a7 Rf5+ 50. Kh6 Bf4+ 0-1

[Event "14th Ugra Governor's Cup"]
[Site "Khanty-Mansiysk RUS"]
[Date "2018.11.25"]
[Round "9.1"]
[White "Rozum, Ivan"]
[Black "Volkov, Sergey"]
[Result "1/2-1/2"]
[WhiteTitle "GM"]
[BlackTitle "GM"]
[WhiteElo "2573"]
[BlackElo "2568"]
[WhiteFideId "24104272"]
[BlackFideId "4122763"]
[EventDate "2018.11.17"]

1. d4 d5 2. c4 c6 3. Nc3 Nf6 4. Nf3 dxc4 5. a4 Bf5 6. e3 e6 7. Bxc4 Bb4 8. O-O
Nbd7 9. Qb3 a5 10. Na2 Be7 11. Qxb7 Rb8 12. Qa6 Ra8 13. Qxc6 Rc8 14. Qa6 Ra8 15.
Qc6 Rc8 16. Qa6 Ra8 17. Qc6 Rc8 1/2-1/2

[Event "14th Ugra Governor's Cup"]
[Site "Khanty-Mansiysk RUS"]
[Date "2018.11.25"]
[Round "9.2"]
[White "Sjugirov, Sanan"]
[Black "Kabanov, Nikolai"]
[Result "1/2-1/2"]
[WhiteTitle "GM"]
[BlackTitle "GM"]
[WhiteElo "2654"]
[BlackElo "2481"]
[WhiteFideId "4189302"]
[BlackFideId "4127820"]
[EventDate "2018.11.17"]

1. e4 c5 2. Nf3 d6 3. d4 cxd4 4. Nxd4 Nf6 5. Nc3 Nc6 6. Bg5 a6 7. f4 Ng4 8. Nxc6
bxc6 9. h3 Ne3 10. Qd2 Nxf1 11. Rxf1 h6 12. Bh4 g5 13. fxg5 hxg5 14. Bxg5 Bg7
15. Be3 Be6 16. Bd4 Bh6 17. Be3 Bg7 18. Bd4 Bh6 19. Be3 Bg7 20. Bd4 1/2-1/2

[Event "14th Ugra Governor's Cup"]
[Site "Khanty-Mansiysk RUS"]
[Date "2018.11.25"]
[Round "9.3"]
[White "Sarana, Alexey"]
[Black "Ponkratov, Pavel"]
[Result "1/2-1/2"]
[WhiteTitle "GM"]
[BlackTitle "GM"]
[WhiteElo "2631"]
[BlackElo "2628"]
[WhiteFideId "24133795"]
[BlackFideId "4157800"]
[EventDate "2018.11.17"]

1. d4 Nf6 2. c4 e6 3. Nf3 d5 4. g3 Be7 5. Bg2 O-O 6. Nc3 dxc4 7. Ne5 Nc6 8. Bxc6
bxc6 9. Nxc6 Qe8 10. Nxe7+ Qxe7 11. Qa4 c5 12. dxc5 Qxc5 13. Be3 Qc7 14. Rd1 Bd7
15. Qa3 Ng4 16. Bc5 Rfc8 17. f3 Qxc5 18. Qxc5 Rxc5 19. Rxd7 Nf6 20. Rb7 Nd5 21.
Kf2 Nxc3 22. bxc3 Ra5 23. Rd1 Rxa2 24. Rdd7 Rf8 25. Rdc7 a5 26. Rxc4 h6 27. Rcc7
a4 28. h4 h5 29. Ra7 a3 30. c4 g6 31. Ke3 Kg7 32. c5 Ra1 33. c6 a2 34. Ke4 g5
35. hxg5 Kg6 36. f4 e5 37. fxe5 Kxg5 38. Rd7 Rc8 39. e6 Rxc6 40. Rd5+ Kg4 41. e7
Re6+ 42. Re5 f5+ 43. Kd5 Rxe7 44. Rexe7 Rd1+ 45. Ke6 a1=Q 46. Rg7+ Kh3 47. Rxa1
Rxa1 48. Kxf5 Rf1+ 49. Ke5 Rg1 50. Rg5 Rxg3 51. Rxh5+ Kg4 52. Rh2 Re3+ 53. Kd4
Re8 54. e4 Rd8+ 55. Ke3 Kg5 56. Rf2 Re8 57. Rf4 Ra8 58. Rf5+ Kg6 59. Kf4 Ra1 60.
Ke5 1/2-1/2

[Event "14th Ugra Governor's Cup"]
[Site "Khanty-Mansiysk RUS"]
[Date "2018.11.25"]
[Round "9.4"]
[White "Predke, Alexandr"]
[Black "Potapov, Pavel"]
[Result "1-0"]
[WhiteTitle "GM"]
[BlackTitle "GM"]
[WhiteElo "2604"]
[BlackElo "2515"]
[WhiteFideId "24107581"]
[BlackFideId "4169786"]
[EventDate "2018.11.17"]

1. d4 f5 2. Bg5 h6 3. Bh4 g5 4. Bg3 Nf6 5. e3 Bg7 6. h4 g4 7. h5 d6 8. Ne2 Be6
9. Nf4 Bf7 10. Bb5+ c6 11. Bd3 Qd7 12. Nc3 Na6 13. a3 Nc7 14. Qe2 e5 15. dxe5
dxe5 16. Ng6 Bxg6 17. hxg6 Nfd5 18. Nxd5 cxd5 19. O-O-O O-O 20. f3 Qc6 21. e4
Qxg6 22. exf5 gxf3 23. fxg6 fxe2 24. Bxe2 Rad8 25. Rh5 Rfe8 26. Kb1 Rd6 27. Bd3
Rc6 28. Bf5 Rf6 29. c3 Ref8 30. Bc2 Re6 31. a4 b6 32. Rh4 Rc6 33. Rh5 Re6 34.
Ka2 a6 35. Re1 Rfe8 36. Bf5 Rd6 37. Bc2 Rde6 38. Bh2 b5 39. a5 R8e7 40. Rd1 Re8
41. Bg1 e4 42. Bb6 Na8 43. Rhxd5 Nxb6 44. axb6 e3 45. b7 e2 46. Re1 R6e7 47. Bb3
Kh8 48. Rd2 Rxb7 49. Rdxe2 Rxe2 50. Rxe2 Rb8 51. Re7 a5 52. g4 b4 53. c4 Ra8 54.
c5 a4 55. Bd5 Rd8 56. Be6 b3+ 57. Ka3 Ra8 58. Bc4 Rc8 59. Kxa4 1-0

[Event "14th Ugra Governor's Cup"]
[Site "Khanty-Mansiysk RUS"]
[Date "2018.11.25"]
[Round "9.5"]
[White "Rakhmanov, Aleksandr"]
[Black "Timofeev, Artyom"]
[Result "1-0"]
[WhiteTitle "GM"]
[BlackTitle "GM"]
[WhiteElo "2634"]
[BlackElo "2580"]
[WhiteFideId "4173708"]
[BlackFideId "4140419"]
[EventDate "2018.11.17"]

1. d4 d5 2. c4 dxc4 3. e3 Nf6 4. Bxc4 e6 5. Nf3 c5 6. O-O a6 7. dxc5 Bxc5 8.
Qxd8+ Kxd8 9. Nbd2 Ke7 10. Be2 Bd7 11. b3 Bb5 12. Nc4 Nc6 13. Bb2 Rhd8 14. Rfc1
Rac8 15. a4 Bxc4 16. Rxc4 Bd6 17. Rac1 Ra8 18. Bc3 g6 19. Rxc6 bxc6 20. Nd4 Nd5
21. Nxc6+ Kd7 22. Nxd8 Nxc3 23. Rxc3 Kxd8 24. Rc6 Kd7 25. Rxa6 Rxa6 26. Bxa6 Bb4
27. Kf1 Kd6 28. Ke2 g5 29. Kd3 Kc5 30. f4 f6 31. fxg5 fxg5 32. Bc4 e5 33. Ke4
Bd2 34. a5 h5 35. b4+ Kd6 36. Kf5 Bxe3 37. b5 Bd2 38. a6 Kc7 39. a7 Kb7 40. b6 1-0

[Event "14th Ugra Governor's Cup"]
[Site "Khanty-Mansiysk RUS"]
[Date "2018.11.25"]
[Round "9.6"]
[White "Drygalov, Andrey"]
[Black "Lugovskoy, Maxim"]
[Result "1/2-1/2"]
[WhiteTitle "IM"]
[BlackTitle "GM"]
[WhiteElo "2497"]
[BlackElo "2428"]
[WhiteFideId "24171735"]
[BlackFideId "24126454"]
[EventDate "2018.11.17"]

1. d4 e6 2. c4 Nf6 3. Nf3 c5 4. e3 d5 5. Nc3 Nc6 6. a3 a6 7. dxc5 Bxc5 8. b4 Bd6
9. Bb2 O-O 10. cxd5 exd5 11. Be2 Bg4 12. O-O Rc8 13. Rc1 Bb8 14. Na4 Qe7 15. Nc5
Rfd8 16. Bxf6 gxf6 17. Nd4 Bxe2 18. Qxe2 Kh8 19. Nxc6 Rxc6 20. Qf3 Be5 21. Nd3
Rc4 22. g3 b5 23. Kg2 Kg7 24. Rfd1 Kh8 25. Re1 Bc3 26. Red1 Be5 27. Re1 Bc3 28.
Red1 Be5 1/2-1/2

[Event "14th Ugra Governor's Cup"]
[Site "Khanty-Mansiysk RUS"]
[Date "2018.11.25"]
[Round "9.7"]
[White "Pridorozhni, Aleksei"]
[Black "Ovod, Evgenija"]
[Result "1-0"]
[WhiteTitle "GM"]
[BlackTitle "IM"]
[WhiteElo "2574"]
[BlackElo "2379"]
[WhiteFideId "4127870"]
[BlackFideId "4131827"]
[EventDate "2018.11.17"]

1. e4 e6 2. d4 d5 3. Nc3 Bb4 4. exd5 exd5 5. Bd3 Nc6 6. a3 Bxc3+ 7. bxc3 Nge7 8.
Qf3 Be6 9. Qg3 Nf5 10. Qf4 Qd7 11. Nf3 f6 12. h4 h5 13. a4 Nce7 14. a5 Ng6 15.
Qh2 Kf7 16. Ba3 Nh6 17. O-O Rhe8 18. Rfb1 b6 19. Bb5 c6 20. Bd3 Bg4 21. Ne1 Bf5
22. Bf1 Re4 23. Nf3 Re6 24. c4 Bxc2 25. Rc1 Be4 26. Nd2 Kg8 27. Bb4 bxa5 28.
Rxa5 dxc4 29. Qg3 Ne7 30. Bxe7 Rxe7 31. Nxe4 Rxe4 32. Rxh5 Rg4 33. Bxc4+ Kh7 34.
Bd3+ Kg8 35. Qf3 Rxd4 36. Bc2 Re8 37. Bg6 Rd8 38. Bc2 Re8 39. g3 Re5 40. Bb3+
Kh7 41. Bc2+ Kg8 42. Rxe5 fxe5 43. Rb1 Qc7 44. Qh5 c5 45. Qe8# 1-0

[Event "14th Ugra Governor's Cup"]
[Site "Khanty-Mansiysk RUS"]
[Date "2018.11.25"]
[Round "9.8"]
[White "Bocharov, Dmitry"]
[Black "Anikonov, Dmitry"]
[Result "1-0"]
[WhiteTitle "GM"]
[BlackTitle "FM"]
[WhiteElo "2557"]
[BlackElo "2382"]
[WhiteFideId "4138716"]
[BlackFideId "24178012"]
[EventDate "2018.11.17"]

1. c4 c5 2. Nf3 Nf6 3. d4 e6 4. d5 exd5 5. cxd5 d6 6. Nc3 g6 7. Bf4 a6 8. a4 Bg7
9. h3 O-O 10. e3 Qe7 11. Be2 Nbd7 12. O-O Ne8 13. Nd2 Ne5 14. Bh2 f5 15. Qb3 g5
16. a5 f4 17. exf4 gxf4 18. Na4 Nc7 19. Nxc5 Kh8 20. Na4 Bd7 21. Nb6 Rae8 22.
Nxd7 Nxd7 23. Bh5 Nc5 24. Qf3 Rd8 25. Nc4 Qg5 26. Rfe1 Nb5 27. Rad1 Nd4 28. Qg4
Qxd5 29. Nb6 Qb3 30. Re7 Nf5 31. Ree1 Qb5 32. Nd5 Nd3 33. Rxd3 Qxd3 34. Nxf4 Qd2
35. Rd1 Qxb2 36. Ne6 Qf6 37. Nxd8 Qxd8 38. Rd5 Qf6 39. Qd1 Nd4 40. Bg3 Nb5 41.
Qg4 Qe7 42. Kh2 Rg8 43. Qf5 Rf8 44. Qd3 Qe1 45. Bf3 Qxa5 46. Rh5 h6 47. Qg6 Rxf3
48. gxf3 Qd2 49. Qe8+ Kh7 50. Qe4+ Kg8 51. Qxb7 Nd4 52. Qa8+ Kh7 53. Qe4+ Kg8
54. Kg2 Qc3 55. Bxd6 Nc2 56. Qe8+ Kh7 57. Qe4+ Kg8 58. Rc5 Ne1+ 59. Kg3 1-0

[Event "14th Ugra Governor's Cup"]
[Site "Khanty-Mansiysk RUS"]
[Date "2018.11.25"]
[Round "9.9"]
[White "Savitskiy, Sergey"]
[Black "Iljiushenok, Ilia"]
[Result "0-1"]
[WhiteTitle "IM"]
[BlackTitle "GM"]
[WhiteElo "2413"]
[BlackElo "2539"]
[WhiteFideId "24105660"]
[BlackFideId "24105074"]
[EventDate "2018.11.17"]

1. e4 c5 2. Nf3 e6 3. d4 cxd4 4. Nxd4 Nc6 5. Nc3 Qc7 6. g3 a6 7. Bg2 Nf6 8. O-O
h5 9. Nxc6 dxc6 10. e5 Qxe5 11. Bf4 Qa5 12. Re1 Be7 13. Re5 Qd8 14. Qe2 Bd7 15.
Rd1 h4 16. Ne4 hxg3 17. hxg3 Nxe4 18. Rxe4 Qb6 19. Red4 Rd8 20. Be5 f6 21. Qd3
fxe5 22. Qg6+ Kf8 23. R4d3 Be8 24. Rf3+ Bf6 0-1